[Event "Karnataka State Open-ch 2018"]
[Site "Bengaluru"]
[Date "2018.04.17"]
[Round "8"]
[White "Likhit, Chilukuri"]
[Black "Karmacharya, Upendra"]
[Result "1-0"]
[WhiteElo "1988"]
[BlackElo "1764"]
[Annotator "NA RC"]
[PlyCount "82"]
[EventDate "2018.??.??"]
[EventType "swiss"]
[EventCountry "IND"]
[SourceTitle "playchess.com"]
[Source "ChessBase"]
[SourceQuality "1"]
[TimeControl "5400+30"]

{[%evp 8,82,20,0,21,23,23,14,14,15,10,16,15,0,32767,32767,8,0,32767,32767,32767,37,52,34,90,14,127,105,104,62,32767,102,138,113,32767,32767,91,94,85,102,98,101,96,95,89,84,327,32767,555,248,223,260,248,243,218,169,403,398,387,340,341,349,937,1696,6829,29972,12834,5185,6293,12839,12840,0,29993,468,29994,29995,29995]} 1. e4 {[%emt 0:00:00]} c5 {[%emt 0:05:51]} 2. Nc3 {[%emt 0:00:00]} Nc6 {[%emt 0:00:13]} 3. Bb5 {[%emt 0:00:00]} Nd4 {[%emt 0:00:32]} 4. Bc4 {[%emt 0:00:00]} a6 {[%emt 0:00:50] LiveBook: 68 Games} 5. a3 {[%emt 0:00:29]} d6 {[%emt 0:00:55]} 6. Nge2 {[%emt 0:00:08]} Nf6 {[%emt 0:02:27]} 7. O-O {[%emt 0:00:24]} g6 {[%emt 0:00:24]} 8. d3 {[%emt 0:00:14]} Bg7 {[%emt 0:00:54]} 9. Ba2 {[%emt 0:00:38]} O-O {[%emt 0:00:31]} 10. f4 {[%emt 0:00:38]} Be6 {[%emt 0:02:44]} 11. Bxe6 {[%emt 0:03:09]} Nxe6 {[%emt 0:00:52]} 12. f5 {[%emt 0:00:07]} Nc7 {[%emt 0:00:24]} 13. Qe1 {[%emt 0:00:42]} Nd7 {[%emt 0:00:27]} 14. g4 {[%emt 0:06:12]} b5 {[%emt 0:00:59]} 15. Qh4 {[%emt 0:00:42]} f6 {[%emt 0:01:41]} 16. g5 {[%emt 0:00:30]} (16. b4 $16) 16... fxg5 {[%emt 0:01:47]} (16... Ne5 $11 {remains equal.}) 17. Bxg5 {[%emt 0:00:09]} Bf6 {[%emt 0:00:17]} 18. Nf4 {[%emt 0:04:33]} Ne5 {[%emt 0:00:40]} 19. Ncd5 {[%emt 0:01:53]} Nxd5 {[%emt 0:00:28]} 20. Ne6 {[%emt 0:05:35]} Qb6 {[%emt 0:00:58]} 21. Nxf8 {[%emt 0:00:20]} Rxf8 {[%emt 0:00:53]} 22. exd5 {[%emt 0:00:07]} c4+ {[%emt 0:00:32]} 23. Kh1 {[%emt 0:00:07]} cxd3 {[%emt 0:00:23]} 24. Bxf6 {[%emt 0:00:32]} Rxf6 {[%emt 0:00:08]} 25. fxg6 {[%emt 0:00:10]} Nxg6 {[%emt 0:01:14]} 26. Qe4 {[%emt 0:00:23]} Rf2 $2 {[%emt 0:01:24]} (26... Rxf1+ $16 {keeps fighting.} 27. Rxf1 dxc2) 27. cxd3 {[%emt 0:03:47]} Kg7 {[%emt 0:03:05]} (27... Qc5 {was called for.} 28. Rac1 Rxf1+ 29. Rxf1 Kh8) 28. Rg1 {[%emt 0:01:00]} (28. h4 $142) 28... Qc7 {[%emt 0:03:00]} 29. Rae1 {[%emt 0:00:27]} Rf7 {[%emt 0:00:18]} 30. Qd4+ {[%emt 0:00:20]} Kg8 {[%emt 0:01:04]} 31. Re6 {[%emt 0:00:19]} Rg7 $2 {[%emt 0:00:25]} (31... Qc8 {is a better defense.} 32. Qg4 Qf8) 32. h4 {[%emt 0:01:04]} Ne5 {[%emt 0:01:13]} 33. h5 {[%emt 0:05:13]} Rxg1+ {[%emt 0:02:28]} 34. Qxg1+ {[%emt 0:00:07]} Kf7 $2 {[%emt 0:00:03]} (34... Kf8 35. h6 Ng6 36. Qf1+ Kg8) 35. Rh6 {[%emt 0:01:02]} Qc8 {[%emt 0:01:29]} 36. Rxh7+ {[%emt 0:00:08]} Kf6 {[%emt 0:00:03]} 37. Qf2+ {[%emt 0:02:08]} (37. Qe3 $142 Qg4 38. Qh6+ Ng6 39. Qxg6+ Qxg6 40. hxg6 Kxg6 41. Rxe7 a5 42. Rb7) 37... Kg5 $11 {[%emt 0:01:17]} 38. Qe3+ {[%emt 0:01:22]} Kh4 {[%emt 0:00:48]} 39. Qf2+ $2 {[%emt 0:02:01]} (39. Rg7 $18 Ng4 40. Qg5+ Kh3 41. h6) 39... Kh3 $2 {[%emt 0:00:11]} 40. Qh2+ {[%emt 0:00:13]} Kg4 {[%emt 0:00:45]} 41. Rg7+ {[%emt 0:00:13]} Kf3 1-0

[Event "Karnataka State Open-ch 2018"]
[Site "Bengaluru"]
[Date "2018.04.17"]
[Round "8"]
[White "Kishan, Gangolli"]
[Black "Chirag Mudraje"]
[Result "1-0"]
[WhiteElo "1974"]
[BlackElo "1641"]
[Annotator "NA RC"]
[PlyCount "45"]
[EventDate "2018.??.??"]
[EventType "swiss"]
[EventCountry "IND"]
[SourceTitle "playchess.com"]
[Source "ChessBase"]
[SourceQuality "1"]
[TimeControl "5400+30"]

1. d4 Nf6 2. c4 e6 3. Nf3 d5 4. Nc3 Be7 5. cxd5 exd5 6. Qc2 O-O 7. Bg5 Nbd7 8. e3 b6 9. Bd3 Bb7 10. O-O h6 11. Bh4 c5 12. Bf5 cxd4 13. Nxd4 Rc8 14. Rfd1 g5 15. Bg3 Rc5 16. Qe2 Qe8 17. Qf3 Bd8 18. Bb8 Ne5 19. Qh3 Kg7 20. Bc2 Bc8 21. Nf5+ Bxf5 22. Qxf5 Be7 23. Bxe5 1-0

[Event "Karnataka State Open-ch 2018"]
[Site "Bengaluru"]
[Date "2018.04.17"]
[Round "8"]
[White "Santoshkashyap, Hg"]
[Black "Arhan, Chethan Anand"]
[Result "1/2-1/2"]
[WhiteElo "1929"]
[BlackElo "1526"]
[Annotator "NA"]
[PlyCount "21"]
[EventDate "2018.??.??"]
[EventType "swiss"]
[EventCountry "IND"]
[SourceTitle "playchess.com"]
[Source "ChessBase"]
[SourceQuality "1"]
[TimeControl "5400+30"]

{[%evp 10,19,28,20,21,32767,32767,32767,40,-397,48,-79]} 1. d4 {[%emt 0:00:00]} d5 {[%emt 0:00:08]} 2. Nf3 {[%emt 0:00:00]} Nf6 {[%emt 0:00:21]} 3. c4 {[%emt 0:00:00]} e6 {[%emt 0:00:07]} 4. Nc3 {[%emt 0:00:00]} Be7 {[%emt 0:00:09]} 5. Bf4 {[%emt 0:00:07]} O-O {[%emt 0:00:30]} 6. e3 {[%emt 0:00:04]} Nbd7 {[%emt 0:00:11] LiveBook: 1755 Games} 7. g3 {[%emt 0:00:44]} Re8 {[%emt 0:04:59]} 8. c5 {[%emt 0:14:04]} e5 {[%emt 0:06:55]} ({Black should try} 8... c6 $15) 9. Nb5 $2 {[%emt 0:02:10]} (9. Nxe5 $14 {stays ahead.} Nxe5 10. Bxe5) 9... Nh5 $14 {[%emt 0:07:02]} (9... exf4 $19 10. gxf4 b6 11. cxb6 Bb4+ 12. Nc3 axb6) 10. dxe5 {[%emt 0:22:05]} (10. Bxe5 $14 {stays ahead.} Nxe5 11. Nxe5) 10... Nxf4 {[%emt 0:00:22]} 11. e6 {[%emt 0:00:24]} 1/2-1/2

[Event "Karnataka State Open-ch 2018"]
[Site "Bengaluru"]
[Date "2018.04.17"]
[Round "8"]
[White "Isha, Sharma"]
[Black "Sanjay, N."]
[Result "1-0"]
[WhiteElo "1926"]
[BlackElo "2346"]
[Annotator "TA"]
[PlyCount "135"]
[EventDate "2018.??.??"]
[EventType "swiss"]
[EventCountry "IND"]
[SourceTitle "playchess.com"]
[Source "ChessBase"]
[SourceQuality "1"]

{[%evp 25,135,0,0,0,8,1,0,0,0,-30,0,0,0,-18,-19,-47,-34,-79,-58,-104,-110,-95,-91,-79,0,0,80,70,54,22,19,0,0,-62,103,109,134,137,143,111,226,226,226,225,246,138,175,167,261,265,296,252,338,344,338,333,359,359,366,252,410,410,410,404,394,398,438,436,471,450,600,596,590,586,595,585,588,592,584,554,633,665,740,702,29964,29956,5647,863,1180,1168,6037,6380,5708,2381,29983,29984,29985,29986,29986,29959,29983,29984,29984,29985,29984,29985,29986,29987,29987,29988,29988,29989]} 1. e4 c5 2. c3 d5 3. exd5 Qxd5 4. d4 Nf6 5. Nf3 Bg4 6. Be2 e6 7. O-O Nc6 8. h3 Bh5 9. Be3 cxd4 10. cxd4 Bb4 11. Nc3 Qd6 12. Qb3 O-O 13. Rfd1 {B22: Sicilian: 2 c3} Rfd8 {LiveBook: 8 Games} 14. Rac1 Rac8 15. a3 {The position is equal.} Bxc3 16. bxc3 Nd5 17. Bg5 $146 ({Find the theoretical novelty and annotate with similar games:} 17. c4 Na5 18. Qa4 Bxf3 19. Bxf3 Nxc4 20. Rxc4 Nb6 21. Rxc8 Nxa4 {0-1 (46) Kviriashvili,I (2258)-Pantsulaia,L (2581) Tbilisi 2009}) 17... Nf4 18. Bxf4 $1 Qxf4 19. Rb1 b6 20. Qb5 Bg6 {[%cal Bh5g6,Bg6e4,Be4d5][%mdl 32]} 21. Rb2 Be4 22. Qa6 Qc7 23. Nd2 Bd5 24. Qa4 e5 (24... Ne7 $17 25. Rc1 Bc6) 25. Ba6 $11 Ra8 (25... Rb8 $11 {remains equal.}) 26. c4 $16 Bxg2 $1 27. Kxg2 {Black must now prevent d5.} Nxd4 28. Ne4 f5 29. Ng3 (29. Nc3 $11) 29... g6 $2 {[#]} (29... f4 $1 $15 30. Nf1 Qf7) 30. Rbd2 $1 f4 31. Ne4 {[%cal Bg3e4,Be4g5,Bg5f3][%mdl 32]} Kg7 32. Ng5 {And now Rxd4! would win.} Rd6 (32... Kh6 $16 {was worth a try.} 33. h4 f3+ 34. Nxf3 Nxf3 35. Kxf3 e4+ 36. Kg2 (36. Kxe4 Qe7+ 37. Kf3 Rxd2 $11) 36... Rxd2 37. Rxd2 Qf4) 33. Nf3 $18 Rad8 {[#] Strongly threatening ...Nxf3.} 34. Nxd4 $1 ({Not} 34. Nxe5 Qe7 $11) 34... exd4 35. Re1 (35. Qb3 $18) 35... d3 36. Qb5 {Threatens to win with Qe5+.} Rf6 (36... R6d7 $142 37. Qe5+ Qxe5 38. Rxe5 Kf6) 37. Qe5 Qf7 38. Qe7 Rd7 39. Qxf7+ Kxf7 40. Kf3 Rd4 41. Re4 Rd8 42. Rxf4 g5 $2 (42... Rd4 {was called for.}) 43. Rxf6+ Kxf6 {[%mdl 4096] Endgame KRB-KR} 44. Ke3 Re8+ 45. Kxd3 Re1 46. Kd4 h5 47. Rd3 Re2 48. Rf3+ Kg6 49. Bc8 Rd2+ 50. Ke5 Re2+ 51. Kd6 Rd2+ 52. Kc7 Rd4 53. Be6 Kg7 54. Kb7 Re4 55. Rf7+ Kh8 56. Bd5 Rd4 57. a4 {[%cal Ba3a4,Ba4a5,Ba5a6,Ba6a7][%mdl 32]} g4 58. hxg4 h4 59. Kxa7 Rxg4 60. Kxb6 {White mates.} h3 61. a5 h2 62. Rf5 Rh4 63. a6 Rh6+ 64. Kb7 Rh7+ 65. Kb8 h1=Q 66. Bxh1 Rxh1 67. a7 Rb1+ 68. Rb5 {Precision: White = 63%, Black = 32%.} 1-0

[Event "Karnataka State Open-ch 2018"]
[Site "Bengaluru"]
[Date "2018.04.17"]
[Round "8"]
[White "Parthasarathy, R."]
[Black "Shreyas, Pavan"]
[Result "1-0"]
[WhiteElo "1926"]
[BlackElo "1520"]
[Annotator "NA RC"]
[PlyCount "81"]
[EventDate "2018.??.??"]
[EventType "swiss"]
[EventCountry "IND"]
[SourceTitle "playchess.com"]
[Source "ChessBase"]
[SourceQuality "1"]
[TimeControl "5400+30"]

{[%evp 8,81,21,0,24,20,32767,7,23,11,40,37,32767,32767,48,20,19,8,21,32767,32767,32767,32767,32767,32767,32767,32767,32767,32767,32767,32767,32767,32767,114,110,77,79,135,113,64,116,125,137,7,21,19,30,39,28,20,32,14,110,136,235,292,311,378,372,442,684,660,594,345,280,367,447,502,718,804,723,776,1046,1023,1135,1464]} 1. e4 {[%emt 0:00:00]} e5 {[%emt 0:00:24]} 2. Nc3 {[%emt 0:00:03]} Nc6 {[%emt 0:00:50]} 3. f4 {[%emt 0:01:49]} d6 {[%emt 0:02:29]} 4. Bc4 {[%emt 0:04:18]} Nf6 {[%emt 0:02:27]} 5. Nf3 {[%emt 0:00:35]} Be7 {[%emt 0:03:39] LiveBook: 7 Games} 6. O-O {[%emt 0:00:16]} O-O {[%emt 0:01:01]} 7. d3 {[%emt 0:02:22]} a6 {[%emt 0:03:52] C28: Vienna Game: 2...Nf6 3 Bc4 Nc6} 8. Kh1 {[%emt 0:06:42]} (8. a4 exf4 9. Bxf4 Bg4 10. d4 Nb4 11. h3 Bh5 12. Bb3 c6 13. Ne2 a5 14. c3 {1-0 (41) Dgebuadze,A (2521)-Kugelmann,W (2069) Schwaebisch Gmuend 2018}) 8... Nd7 $146 {[%emt 0:03:56]} ({Find the theoretical novelty and annotate with similar games:} 8... Bg4 9. Qe1 exf4 10. Bxf4 Na5 11. Bb3 Nxb3 12. axb3 Re8 13. Qf2 Qd7 14. h3 {½-½ (23) Struik,T (2189)-Van Run,R (2142) Hengelo 2003}) 9. a3 {[%emt 0:02:45]} exf4 {[%emt 0:03:25]} 10. Bxf4 {[%emt 0:09:05]} Nde5 {[%emt 0:02:14]} 11. Ba2 {[%emt 0:01:08]} Be6 {[%emt 0:01:51]} 12. Nd5 {[%emt 0:04:13]} Nxf3 {[%emt 0:02:50]} 13. gxf3 {[%emt 0:00:30]} Ne5 {[%emt 0:04:48]} 14. Be3 {[%emt 0:02:34]} Bxd5 {[%emt 0:05:31]} 15. Bxd5 {[%emt 0:01:29]} c6 {[%emt 0:01:53]} 16. Bb3 {[%emt 0:00:56]} Bf6 {[%emt 0:04:38]} 17. f4 Nd7 {[%emt 0:03:05]} 18. d4 {[%emt 0:04:17]} g6 {[%emt 0:05:28]} 19. e5 Bg7 {[#]} 20. Qg4 {[%emt 0:13:15]} ({Resist} 20. exd6 $6 Nf6 $14) (20. f5 $1 $18) 20... Kh8 {[%emt 0:08:23]} 21. Rad1 {[%emt 0:02:31]} f5 {[%emt 0:03:01]} 22. Qg2 {[%emt 0:02:28]} d5 {[%emt 0:00:23]} 23. c4 {[%emt 0:01:58]} Nb6 {[%emt 0:01:10]} ({Better is} 23... dxc4 $1 $14 24. Bxc4 Nb6) 24. c5 {[%emt 0:01:23]} Nd7 {[%emt 0:01:19]} 25. Bxd5 {[%emt 0:00:42]} ({White should try} 25. Rf3 $16) 25... cxd5 {[%emt 0:00:34]} 26. Qxd5 {[%emt 0:00:16]} Qc7 {[%emt 0:02:03]} 27. b4 {[%emt 0:03:11]} Rad8 {[%emt 0:01:42]} 28. Qg2 {[%emt 0:00:58]} Rfe8 {[%emt 0:01:30]} 29. Rfe1 {[%emt 0:00:19]} a5 {[%emt 0:02:58]} (29... Qc6 $11) 30. b5 {[%emt 0:01:47]} Nb8 {[%emt 0:03:08]} (30... Bf8 $16 {was called for.}) 31. d5 {[%emt 0:02:16]} Qd7 {[%emt 0:03:01]} 32. a4 Kg8 {[%emt 0:01:20]} 33. Bf2 {[%emt 0:04:14]} Bh6 {[%emt 0:02:07]} (33... Bf8 $142 34. d6 Rc8 35. Qd5+ Re6) 34. Qf3 {[%emt 0:01:40]} Qc7 {[%emt 0:01:45]} 35. c6 {[%emt 0:06:12]} (35. Qb3 $142) 35... bxc6 {[%emt 0:01:07]} 36. bxc6 {[%emt 0:00:25]} ({Weaker is} 36. dxc6 Rc8 $16) 36... Bg7 {[%emt 0:00:47]} (36... Nxc6 $142 37. dxc6 Rxd1 38. Rxd1 Re6) 37. Qb3 {[%emt 0:00:40]} Kh8 {[%emt 0:00:40]} (37... Qf7 $142 38. c7 Qxc7 39. d6+ Qf7) 38. Bb6 {[%emt 0:00:17]} Qc8 {[%emt 0:01:23]} 39. Bxd8 {[%emt 0:00:13]} Rxd8 {[%emt 0:00:16]} 40. Rc1 {[%emt 0:01:08]} Re8 {[%emt 0:01:02]} 41. d6 $18 {[%emt 0:01:19]} 1-0

[Event "Karnataka State Open-ch 2018"]
[Site "Bengaluru"]
[Date "2018.04.17"]
[Round "8"]
[White "Sameer, Ghotane"]
[Black "Shriya R Revankar"]
[Result "1/2-1/2"]
[WhiteElo "1881"]
[BlackElo "1472"]
[Annotator "NA RC"]
[PlyCount "79"]
[EventDate "2018.??.??"]
[EventType "swiss"]
[EventCountry "IND"]
[SourceTitle "playchess.com"]
[Source "ChessBase"]
[SourceQuality "1"]
[TimeControl "5400+30"]

{[%evp 15,79,11,32767,32767,32767,32767,22,27,17,21,18,31,28,29,49,41,32767,56,50,14,45,14,27,10,16,-59,32767,32767,32767,-82,-75,-93,32767,-90,-75,-113,-92,-125,510,568,32767,592,1464,224,206,81,76,68,48,0,0,-50,-35,-18,13,13,14,-320,-367,-326,-401,-452,-512,-541,0,-4794]} 1. d4 {[%emt 0:00:25]} Nf6 {[%emt 0:00:02]} 2. c4 {[%emt 0:00:06]} e6 {[%emt 0:00:03]} 3. Nc3 {[%emt 0:00:37]} Bb4 {[%emt 0:00:05]} 4. Qc2 {[%emt 0:00:06]} O-O {[%emt 0:00:04]} 5. a3 {[%emt 0:00:22]} Bxc3+ {[%emt 0:00:05]} 6. Qxc3 {[%emt 0:00:05]} Ne4 {[%emt 0:00:16]} 7. Qc2 {[%emt 0:00:07]} f5 {[%emt 0:00:04]} 8. Nh3 {[%emt 0:01:19]} d6 {[%emt 0:00:30]} 9. f3 {[%emt 0:00:12]} Nf6 {[%emt 0:00:03]} 10. Nf2 {[%emt 0:00:19] E32: Nimzo-Indian: Classical (4 Qc2): 4...0-0} (10. e3 e5 11. dxe5 dxe5 12. Be2 c5 13. b4 f4 14. Nf2 Nc6 15. Qb2 Qe7 16. O-O cxb4 17. exf4 exf4 18. axb4 Qxb4 19. Qa2 Re8 20. Bxf4 {½-½ (55) Steingrimsson,H (2576)-Wells,P (2447) Antalya 2017}) 10... Nc6 {[%emt 0:02:06]} 11. e3 {[%emt 0:00:24]} e5 {[%emt 0:01:15]} 12. dxe5 {[%emt 0:00:17]} dxe5 {[%emt 0:00:06]} 13. Be2 {[%emt 0:00:34] LiveBook: 5 Games} e4 {[%emt 0:05:59]} 14. f4 {[%emt 0:00:31]} a5 $146 {[%emt 0:00:35]} ({Predecessor:} 14... Be6 15. Bd2 Qe8 16. O-O-O Qg6 {1-0 (41) Gurmen,A (2389)-Dlugolecki,G (2102) ICCF email 2009}) 15. b3 {[%emt 0:00:33]} Qe7 {[%emt 0:01:36]} 16. Bb2 {[%emt 0:01:18]} Nd8 {[%emt 0:04:02]} 17. O-O {[%emt 0:02:25]} Ne6 {[%emt 0:01:08]} 18. Kh1 {[%emt 0:00:40]} Bd7 {[%emt 0:00:52]} 19. g4 {[%emt 0:02:09]} fxg4 {[%emt 0:03:18]} 20. Nxg4 {[%emt 0:05:33]} ({Better is} 20. Bxg4 $11 Nd4 21. Bxd4 Nxg4 22. Rg1 Nxf2+ 23. Qxf2) 20... Nxg4 {[%emt 0:00:36]} 21. Bxg4 {[%emt 0:00:09]} Nd4 {[%emt 0:02:56]} 22. Qg2 {[%emt 0:04:56]} Bxg4 {[%emt 0:00:39]} ({Much worse is} 22... Nxb3 $6 23. Bxd7 Qxd7 24. Rad1 $16) 23. Qxg4 {[%emt 0:00:06]} Nf5 {[%emt 0:00:42]} 24. Rg1 {[%emt 0:01:32]} Rf7 {[%emt 0:00:53]} 25. Qh3 {[%emt 0:01:43]} Rd8 {[%emt 0:02:35]} 26. Rg5 {[%emt 0:00:26]} g6 $2 {[%emt 0:02:29] [#]} (26... Rd2 $17 {stays on course.} 27. Be5 (27. Rxf5 Qe6 $17) 27... Qd7) 27. Rxg6+ $1 {[%emt 0:01:00]} Kf8 {[%emt 0:02:03] [#]} 28. Rag1 $1 {[%emt 0:00:05]} Qc5 {[%emt 0:04:00]} 29. Rg8+ $2 {[%emt 0:04:34]} (29. Bf6 {[%csl Gg1][%cal Rg6g8]} Ke8 30. Rg8+ Kd7 31. Rxd8+ Kc6 {[#]} 32. b4 $1 {[%mdl 512]} axb4 33. axb4 Ng3+ 34. hxg3 Qxc4 35. b5+ $1 {[%mdl 512]} Kxb5 36. Qf5+ Kc6 37. Rd4) 29... Ke7 {[%emt 0:00:06]} 30. Rxd8 {[%emt 0:00:57]} Kxd8 {[%emt 0:00:05]} 31. Rd1+ {[%emt 0:09:18]} Kc8 $1 {[%emt 0:00:35]} 32. Qg4 {[%emt 0:01:52]} b6 $1 {[%emt 0:02:32]} 33. Bd4 Qxa3 {[%emt 0:03:30]} 34. c5 {[%emt 0:15:54]} Qxb3 {[%emt 0:00:45]} (34... Kb7 $17 35. cxb6 cxb6) 35. cxb6 {[%emt 0:01:04]} cxb6 {[%emt 0:05:57]} 36. Qg8+ $2 {[%emt 0:07:42]} (36. Bxb6 $11 {and White is okay.} Kb7 37. Qg1 (37. Bc5 Nxe3 38. Bxe3 Qxe3 $17)) 36... Kb7 {[%emt 0:00:23]} 37. Qg1 {[%emt 0:06:12]} b5 {[%emt 0:02:07]} 38. Rb1 {[%emt 0:00:16]} Qd3 {[%emt 0:00:55]} 39. Be5 {[%emt 0:03:26]} Qe2 $2 {[%emt 0:06:07]} (39... Rd7 $19 40. Re1 Qd2) 40. Rd1 $19 (40. Qg8 $11 Qf3+ 41. Kg1 Qxe3+ 42. Kh1 Qf3+ 43. Kg1 Qe3+ 44. Kh1 Qf3+ 45. Kg1 Qe3+) 1/2-1/2

[Event "Karnataka State Open-ch 2018"]
[Site "Bengaluru"]
[Date "2018.04.17"]
[Round "8"]
[White "Dilip Kumar Pedda"]
[Black "Manjunath, J."]
[Result "1-0"]
[WhiteElo "1653"]
[BlackElo "1986"]
[Annotator "NA RC"]
[PlyCount "76"]
[EventDate "2018.??.??"]
[EventType "swiss"]
[EventCountry "IND"]
[SourceTitle "playchess.com"]
[Source "ChessBase"]
[SourceQuality "1"]
[TimeControl "5400+30"]

{[%evp 10,76,32,5,21,23,11,27,20,0,0,0,0,-11,-13,-4,-13,-18,-5,-26,-44,-37,-24,-30,-28,32767,-47,-52,-58,-31,0,-27,-30,-59,-16,-35,-41,-62,-29,-33,-27,-41,-35,-45,202,-366,279,-252,-233,-237,-15,-264,545,572,1021,1086,1278,851,829,643,801,736,800,-29999,1201,492,29991,417,29992]} 1. d4 {[%emt 0:00:00]} d5 {[%emt 0:00:14]} 2. c4 {[%emt 0:00:00]} c6 {[%emt 0:00:04]} 3. Nf3 {[%emt 0:00:00]} Nf6 {[%emt 0:00:05]} 4. Nc3 {[%emt 0:00:00]} dxc4 {[%emt 0:00:03]} 5. a4 {[%emt 0:00:02]} Bf5 {[%emt 0:00:28]} 6. e3 {[%emt 0:03:18]} e6 {[%emt 0:00:34]} 7. Bxc4 {[%emt 0:00:17]} Bb4 {[%emt 0:00:33]} 8. O-O {[%emt 0:01:06]} O-O {[%emt 0:00:27]} 9. Ne2 {[%emt 0:00:29]} Nbd7 {[%emt 0:01:40] D18: Slav Defence: 5 a4 Bf5 6 e3} 10. Ng3 {[%emt 0:00:42]} Bg6 {[%emt 0:00:14] LiveBook: 8 Games} 11. Bd3 {[%emt 0:03:31]} (11. Nh4 c5 12. Nxg6 hxg6 13. Qb3 Qe7 14. a5 Rab8 15. Be2 Rfc8 16. Rd1 b6 17. a6 {0-1 (76) Ikonnikov,V (2542)-Wenninger,P (2360) Germany 2016}) 11... Qe7 $146 {[%emt 0:00:42]} ({Predecessor:} 11... Bxd3 12. Qxd3 Qe7 13. e4 Rad8 14. e5 Nd5 15. Ng5 f5 16. exf6 N7xf6 17. Qe2 {1-0 (41) Angel Lobo,J-Abad Pereda,J Asturias 1998}) 12. Bxg6 {[%emt 0:00:21]} hxg6 {[%emt 0:00:05]} 13. a5 {[%emt 0:07:32]} e5 {[%emt 0:04:59]} 14. dxe5 {[%emt 0:02:41]} Nxe5 {[%emt 0:00:08]} 15. Nxe5 {[%emt 0:00:26]} Qxe5 {[%emt 0:00:06]} 16. Qa4 {[%emt 0:01:32]} Be7 {[%emt 0:02:45]} 17. b3 {[%emt 0:08:37]} Rfd8 {[%emt 0:02:15]} 18. Rb1 {[%emt 0:01:13]} Qe6 {[%emt 0:02:45]} 19. Bb2 {[%emt 0:08:07]} Rd3 {[%emt 0:00:55]} 20. b4 {[%emt 0:00:57]} a6 {[%emt 0:03:39]} 21. Bd4 {[%emt 0:04:35]} Rd8 {[%emt 0:01:08]} 22. Qc2 {[%emt 0:05:27]} Ra3 {[%emt 0:00:07]} 23. Rb2 {[%emt 0:08:35]} Nd5 {[%emt 0:02:00]} 24. Rfb1 {[%emt 0:01:28]} Nc7 {[%emt 0:05:26]} 25. Bb6 {[%emt 0:06:12]} Rd7 {[%emt 0:01:24]} 26. Bxc7 {[%emt 0:00:30]} Bf6 $2 {[%emt 0:00:30] [#]} (26... Rxc7 $15 27. Ne2 Rd7) 27. Ne2 $4 {[%emt 0:12:09]} (27. Bb6 $1 $18 {avoids the disaster.}) 27... Qf5 $4 {[%emt 0:04:25]} ({Weaker is} 27... Rxc7 28. Nf4 $15) (27... Bxb2 $19 {and all is fine.} 28. Qxb2 Ra2) 28. Nf4 $4 {[%emt 0:07:44]} (28. e4 $18 Qb5 29. e5) 28... Bxb2 {[%emt 0:01:18]} 29. Qxb2 {[%emt 0:00:10] [#]} Ra4 $2 {[%emt 0:00:03]} (29... Rd2 $1 $19 {[%cal Rd2b2][%mdl 512]} 30. Qc1 (30. Qxd2 Qxb1+) 30... Raa2) 30. Ne2 $2 {[%emt 0:04:47] [#]} (30. Bb6 $11 {and White is okay.} Rd2 31. Qc1) 30... Qd5 $4 {[%emt 0:00:57]} (30... c5 $1 $19 31. e4 Qxe4) 31. Nc3 $1 {[%emt 0:00:38]} Rxb4 {[%emt 0:04:14]} 32. Qxb4 {[%emt 0:00:10]} Qd2 {[%emt 0:00:03]} 33. Qc4 {[%emt 0:01:27]} Qc2 {[%emt 0:00:22]} 34. Qe4 {[%emt 0:01:21]} Rd3 {[%emt 0:01:16]} 35. Qe8+ {[%emt 0:00:22]} Kh7 {[%emt 0:00:25]} 36. Ne4 $4 {[%emt 0:00:47]} (36. h3 $18 Rxc3 37. Rb4) 36... Rd5 $4 {[%emt 0:00:09]} (36... Qxb1# {and life is good for Black.}) 37. h4 {[%emt 0:00:41]} (37. Rf1 $142 Qd3 38. Qe7) 37... f6 {[%emt 0:00:15] [#]} (37... Qxb1+ $18 38. Kh2 f6) 38. Qe7 $18 {[%emt 0:02:01]} (38. Nxf6+ $142 $1 gxf6 39. Qf7+ Kh6 40. Bf4+ Kh5 {[#]} 41. f3 $1 {[%mdl 512]} Qxb1+ 42. Kh2 Qh1+ 43. Kxh1 Rd1+ 44. Kh2 Rh1+ 45. Kxh1 Kxh4 46. Qh7#) 38... Qb2 $2 {[%emt 0:00:03]} (38... Qxb1+ $18 39. Kh2 Qa1) 1-0